The influence of indole acetic acid, phenylalanine and methionine on the growth, amino acid and alkaloid production of periwinkle (Catharanthus roseus. G. Donn) plants (Record no. 55868)

MARC details
000 -LEADER
fixed length control field 01944cab a2200337Ia 45 0
001 - CONTROL NUMBER
control field u204806
003 - CONTROL NUMBER IDENTIFIER
control field SIRSI
008 - FIXED-LENGTH DATA ELEMENTS--GENERAL INFORMATION
fixed length control field 130519s2003 ua ss b eng d
040 ## - CATALOGING SOURCE
Original cataloging agency EAL
041 ## - LANGUAGE CODE
Language code of text/sound track or separate title eng
Language code of summary or abstract ara
090 ## - LOCALLY ASSIGNED LC-TYPE CALL NUMBER (OCLC); LOCAL CALL NUMBER (RLIN)
Classification number (OCLC) (R) ; Classification number, CALL (RLIN) (NR) ART BFACU V54 NO2 4
100 1# - MAIN ENTRY--PERSONAL NAME
Personal name Naguib, N. Y.,
240 10 - UNIFORM TITLE
Uniform title Bulletin of Faculty of Agriculture. Cairo University, 2003 v. 54 (2)
Medium [electronic resource].
245 10 - TITLE STATEMENT
Title The influence of indole acetic acid, phenylalanine and methionine on the growth, amino acid and alkaloid production of periwinkle (Catharanthus roseus. G. Donn) plants
Medium [electronic resource].
246 15 - VARYING FORM OF TITLE
Title proper/short title تجارب على تأثير إندول حامض الخليك والفنيل ألانين والمثيونين على النمو والأحماض الأمينية وإنتاج القلويدات فى نبات الوينكا Catharanthus roseus. G. Don.
300 ## - PHYSICAL DESCRIPTION
Extent p.217-238
504 ## - BIBLIOGRAPHY, ETC. NOTE
Bibliography, etc. note Includes references.
520 ## - SUMMARY, ETC.
Summary, etc. Two field trials were conducted at the Experimental Farm of Medicinal and Aromatic Plants of the NRC, Dokki, Giza, Egypt, during the two successive seasons 1998 and 1999. Cultivation of the seeds of Catharanthus roseus G. Don. in the nursery was performed on 14th of February then transplanted on 15th of April in both seasons. The trials included three times of foliar application of indole acetic acid (IAA), phenylalanine or methionine at 50 or 100 ppm levels on the plants.
546 ## - LANGUAGE NOTE
Language note Summary in Arabic.
596 ## -
-- 1
650 #0 - SUBJECT ADDED ENTRY--TOPICAL TERM
Topical term or geographic name entry element Alkaloids.
650 #0 - SUBJECT ADDED ENTRY--TOPICAL TERM
Topical term or geographic name entry element Plant tissue culture.
650 #0 - SUBJECT ADDED ENTRY--TOPICAL TERM
Topical term or geographic name entry element Amino acid.
650 #0 - SUBJECT ADDED ENTRY--TOPICAL TERM
Topical term or geographic name entry element Medicinal plants.
650 #0 - SUBJECT ADDED ENTRY--TOPICAL TERM
Topical term or geographic name entry element Catharanthus roseus
General subdivision Fertilization.
650 #0 - SUBJECT ADDED ENTRY--TOPICAL TERM
Topical term or geographic name entry element Aromatic plants
General subdivision Physiology.
700 1# - ADDED ENTRY--PERSONAL NAME
Personal name Khalil, M. Y.
700 1# - ADDED ENTRY--PERSONAL NAME
Personal name El-Sherbeny, S. E.
773 0# - HOST ITEM ENTRY
Title The Bulletin Faculty of Agriculture, Cairo University.
Related parts 2003.v.54(2)
International Standard Serial Number 0526-8613
Control subfield nnas
Record control number u158095
856 40 - ELECTRONIC LOCATION AND ACCESS
Uniform Resource Identifier <a href="http://nile.enal.sci.eg/EALE/2003/BFACU/5403/3/217.pdf">http://nile.enal.sci.eg/EALE/2003/BFACU/5403/3/217.pdf</a>
Public note Full Text Article
942 ## - ADDED ENTRY ELEMENTS (KOHA)
Koha item type Articles
Source of classification or shelving scheme Library of Congress Classification

No items available.


Home | About ENAL | Collections | Services | Activities | Calendar | Contact us

7 Nadi El Sayed St., Giza, Egypt | Phone:02-33351121 +02-33351313 | 
| Email: enalegypt@gmail.com